000 01740nam a2200517 i 4500
001 36301
003 KOSZ 005
005 20230215115013.0
008 230214s1999 pl a f 001 0 pol
015 _aUWD 2002/15418
020 _a8387977160
035 _a991012828689705066
035 _a(PL-WaBN)b13465788-48omnis_nlop
035 _ab13465788
035 _a(OCoLC)830216147
035 _azz2005943888
035 _a(PL)b0000001346578
035 _a(EXLNZ-48OMNIS_NETWORK)9910056432705606
040 _aWA N
_cWA N
_dKOSZ 005/RW
046 _k1999
080 _a004
080 _a(03)
100 1 _aPłoski, Zdzisław
_d(1951- )
_eAutor
245 1 0 _aInformatyka - słownik encyklopedyczny /
_cZdzisław Płoski.
250 _aWydanie I.
260 _aWrocław :
_b"Europa",
_ccopyright 1999.
300 _a564 strony :
_bilustracje ;
_c22 cm +
_eCD-ROM.
336 _aTekst
_btxt
_2rdacontent
337 _aBez urządzenia pośredniczącego
_bn
_2rdamedia
338 _aWolumin
_bnc
_2rdacarrier
380 _aKsiążki
380 _aPublikacje informacyjne
388 1 _a1901-2000
388 1 _a1989-2000
500 _aNa okładce podtytuł: najnowsze wydanie, bogaty wybór haseł, pełny i aktualny stan wiedzy.
504 _aBibliografia na stronach [563]-564. Indeks.
650 7 _aInformatyka
_2DBN
650 7 _aTerminologia
655 7 _aEncyklopedia
_2DBN
655 7 _aSłownik terminologiczny
658 _aInformatyka i technologie informacyjne
710 2 _aWydawnictwo Europa
_4pbl
856 _uhttp://koha.tu.koszalin.pl/cgi-bin/koha/opac-detail.pl?biblionumber=36301
_yKatalog online BPK
942 _2UKD
_cKS
999 _c36301
_d36301